00768nam a2200181Ia 450000500170000000800410001702000320005802000180009004000080010805000150011610000350013124500720016626000980023830000270033649000310036350501670039465000250056120231102151743.0120626t2009 mx g 000 0 spa d a9786074140729 (colección) a9786074140767 eRDA14aF1210bO771 aORTIZ Quesada, Federicoeautor10aYuhcatilixtlib: ser e identidad nacionalc/ Federico Ortiz Quesada3 aMéxico b: Instituto Politécnico Nacional b: Fundación René Avilés Fabilac, 2009  a180 páginasc; 21 cm aPoliedro de El Búhov; 3 aRESUMEN: Este libro Yuhcatilixtli tiene la intensión por descubrir las raíces de la nacionalidad mexicana que tanto asombro provoca a propios y extraños. 10aNACIONALISMOzMEXICO